01455 a2200241 4500003000500000005001700005010001600022020001500038040000900053082001500062100002900077245006400106250001200170260004100182300004600223440006200269505065200331650002900983700003001012942001301042999001901055952013901074Nust20221129111147.0 a 92032192 a0534932193 cNust00a519.4, BUR1 aBurden, Richard L.9719110aNumerical analysis /cRichard L. Burden, J. Douglas Faires. a5th ed. aBoston :bPWS-Kent Pub. Co.,cc1993. axiv, 768 p. :bill. (some col.) ;c24 cm. 4aThe Prindle, Weber & Schmidt series in mathematics919448 aMathematical Preliminaries (Page -1), Solutions of Equations in One Variable (Page-39), Interpolation and Polynomial Approximation (Page-95), Numerical Differentiation and Integration (Page-156), Initial Value Problems for Ordinary Differential Equations (Page-232), Direct Methods for Solving Linear Systems (Page-323), Iterative Techniques in Matrix Algebra (Page-389), Approximation Theory (Page-435), Approximating Eigen values (Page-497), Numerical Solutions of Nonlinear Systems of Equations (Page-543), Boundary Value Problems for Ordinary Differential Equations( Page-577), Numerical Solutions to partial Differential Equations (Page-622). 0aNumerical analysis.91031 aFaires, J. Douglas.97190 cREF2ddc c193485d193485 00102ddc4070aMCSbMCScGENd2016-12-12l1o519.4, BURpMCS26107r2026-04-13s2026-02-27w2016-12-12yBKzAlmirah No.14, Shelf No.3